00628nam a2200205Ia 4500003000400000005001700004008004100021020001900062040000700081041000800088082001500096100002100111245007300132260002000205300000900225650002200234942001300256999001900269952013400288OSt20251106130533.0250729s2005 xx 000 0 und d a978-8183161077 cAL aeng a370.1 DASN aDash B N9223997 aNew approaches to teacher & education in the emerging indian society aHyderabadc2005 a559p aEducation9223998 2ddccBED c236184d236184 00104070aALbALd2025-07-29eSchool Book Companyg175.00l0o370.1 DASNpBED01503r2025-07-29 16:54:38v175.00w2025-07-29yBK